01092 2200325 4500001002100000005001500021035002000036007000300056008004100059020002200100040002200122082002200144084002400166090002200190100002400212245017000236250003500406300005100441650002700492650002700519700002600546850001200572504003200584264003200616336002100648337003000669338002300699999002200722990002200744INLIS00000000086165820210628110841 a0010-0621001193ta210628s2019 yoia g ind d a978-623-02-0433-3 aYOPDYOGbinderda04223a005.745982882 a005.745982882 DJU a aCB-D.11 2019-37860 aDjunihartoepenulis10aAplikasi pencatatan data dasar (PEDDAS) pada pembinaan kesejahteraan keluarga berbasis website di kelurahan Tamanbaru Banyuwangi /cpenulis, Djuniharto, Rudi Hartono aCetakan pertama: Desember 2019 ax, 50 halaman :bgambar, tabel, bagan ;c23 cm 4aDatabase--xPemograman 4aKomputer--xPemograman0 aRudi Hartonoepenulis aYOPDYOG aBibliografi : halaman 48-4931aSleman :bDeepublish,c2019 2rdacontentateks 2rdamediaatanpa perantara 2rdacarrieravolume aCB-D.11/2019-3786 aCB-D.11/2019-3786